Kuala Lumpur Property Market Report-Mid 1990

Bibliographic Details
Other Authors: Colliers, Jaafar, Jordan Lee
Format: Book
Published: Kuala Lumpur : Colliers Jordan Lee & Jaafar , 1990
Subjects:

MARC

LEADER 00000cam a2200000 7i4500
001 0000002329
005 20050503.0
040 |a INS 
090 0 0 |a HD890.6.Z63.   |b K95 1990 
245 1 0 |a Kuala Lumpur Property Market Report-Mid 1990   |c Colliers, Jordan Lee & Jaafar 
260 |a Kuala Lumpur :   |b Colliers Jordan Lee & Jaafar ,   |c 1990 
300 |a 15 p ;   |c 29.5 cm. 
650 0 0 |a Real property   |z Kuala Lumpur 
700 0 |a Colliers 
700 0 |a Jaafar 
700 0 |a Jordan Lee 
999 |a 0000003884   |b BOOK   |c Open Shelf   |e Default branch